Online
Catalog

Nueva evangelización, promoción humana, cultural cristiana. (Record no. 36864)

MARC details
000 -CABECERA
campo de control de longitud fija 01532nam a2200277 a 4500
001 - NÚMERO DE CONTROL
campo de control 000037374
003 - IDENTIFICADOR DEL NÚMERO DE CONTROL
campo de control DO-SdBNP
005 - FECHA Y HORA DE LA ÚLTIMA TRANSACCIÓN
campo de control 20220818173125.0
008 - DATOS DE LONGITUD FIJA--INFORMACIÓN GENERAL
campo de control de longitud fija 091118s1993 dr 000 0 spa d
040 ## - FUENTE DE LA CATALOGACIÓN
Centro catalogador/agencia de origen DO-SdBNP
Lengua de catalogación spa
Centro/agencia transcriptor BNPHU
082 ## - NÚMERO DE LA CLASIFICACIÓN DECIMAL DEWEY
Número de clasificación 282.8
Número de documento/Ítem C748n, 1993
111 2# - ENTRADA PRINCIPAL--NOMBRE DE CONGRESO/REUNIÓN
Nombre de congreso/reunión o jurisdicción como elemento de entrada Conferencia general del Episcopado Latinoamericano
Número del congreso/reunión o número de parte o sección 4ª :
Fecha del congreso/reunión 1992 oct. 12-28 :
Sede del congreso/Lugar de la reunión Santo Domingo)
9 (RLIN) 29793
245 10 - MENCIÓN DE TÍTULO
Título Nueva evangelización, promoción humana, cultural cristiana.
250 ## - MENCIÓN DE EDICIÓN
Mención de edición 2da. ed.
260 ## - PUBLICACIÓN, DISTRIBUCIÓN, ETC.
Lugar de publicación, distribución, etc. Santo Domingo :
Nombre del editor, distribuidor, etc. MSC,
Fecha de publicación, distribución, etc. 1993.
300 ## - DESCRIPCIÓN FÍSICA
Extensión 209 p. ;
Dimensiones 22 cm.
500 ## - NOTA GENERAL
Nota general Incluye índice temático
505 0# - NOTA DE CONTENIDO CON FORMATO
Título Carta del Santo Padre a los Obispos diocesanos de América Latina --
-- Discurso inaugural del Santo Padre --
-- Presentación --
-- Mensaje de la IV Conferencia del Episcopado Latinoamericano a los puebos de América Latina y el Caribe --
-- Conclusiones de la IV conferencia general del episcopado latinoamericano --
-- Jesucristo, evangelio del padre --
-- Jesucristo evangelizador viviente en su iglesia --
-- La promoción humana --
-- La cultura cristiana --
-- Jesucristo, vida y esperanza de América Latina y el Caribe.
590 ## - NOTA LOCAL (RLIN)
Nota local Inventariado, 2018/ YL
650 #4 - PUNTO DE ACCESO ADICIONAL DE MATERIA--TÉRMINO DE MATERIA
Término de materia o nombre geográfico como elemento de entrada Evangelización
Subdivisión geográfica América Latina
Subdivisión general Congresos, conferencias, etc.
9 (RLIN) 29794
650 #4 - PUNTO DE ACCESO ADICIONAL DE MATERIA--TÉRMINO DE MATERIA
Término de materia o nombre geográfico como elemento de entrada Cristianismo y cultura
Subdivisión general Congresos, conferencias, etc.
9 (RLIN) 29795
650 #4 - PUNTO DE ACCESO ADICIONAL DE MATERIA--TÉRMINO DE MATERIA
Término de materia o nombre geográfico como elemento de entrada Iglesia católica
Subdivisión geográfica América Latina
9 (RLIN) 29796
710 2# - PUNTO DE ACCESO ADICIONAL--NOMBRE DE ENTIDAD CORPORATIVA
Nombre de entidad corporativa o nombre de jurisdicción como elemento de entrada Iglesia Católica.
Unidad subordinada Consejo Episcopal Latinoamericano.
9 (RLIN) 29797
910 ## - DATOS DE OPCIÓN DEL USUARIO (OCLC)
Datos de opción del usuario Validado. Control de calidad MFF
942 ## - ELEMENTOS DE PUNTO DE ACCESO ADICIONAL (KOHA)
Fuente del sistema de clasificación o colocación Dewey Decimal Classification
Tipo de ítem Koha Libro
Holdings
Estado de retiro Estado de pérdida No para préstamo Código de colección Localización permanente Ubicación/localización actual Ubicación en estantería Fecha de adquisición Número de inventario Total de préstamos Signatura topográfica completa Código de barras Fecha visto por última vez Número de copia Precio válido a partir de Tipo de ítem Koha
    Excluido de préstamo Dominicana de Servicio General General Depósito 11.05.2018 LF1   282.8 C748n, 1993 37374-30 25.06.2020 e. 3 25.06.2020 Libro y Folleto Colección Dominicana de Servicio
    Excluido de préstamo Patrimonio Dominicano Patrimonio Dominicano Patrimonio Dominicano Depósito 28.03.2012 LF1   282.8 C748n, 1993 37374-10 25.06.2020   25.06.2020 Libro y Folleto Colección Patrimonio Dominicano
    Excluido de préstamo Patrimonio Dominicano Patrimonio Dominicano Patrimonio Dominicano Depósito 11.05.2018 LF1   282.8 C748n, 1993 37374-20 25.06.2020 e. 2 25.06.2020 Libro y Folleto Colección Patrimonio Dominicano

Powered by Koha